| 000 | 01207nam2a22003011 4500 | ||
|---|---|---|---|
| 001 | rc\4121911 | ||
| 005 | 20130415173546.7 | ||
| 021 |
_aRU _b[56-17489] |
||
| 035 | _a(NLR Aleph) 008152688 | ||
| 090 |
_a7782291 _c7782291 |
||
| 100 | _a20130415d1955 |||y0rusy50 ca | ||
| 101 | 0 | _arus | |
| 102 | _aRU | ||
| 105 | _aa z ||||| | ||
| 200 | 1 |
_aОтдельные работы и статьи по агротехнике и растениеводству _f[Сост. П.М. Лепа _gПод ред. проф. Н.С. Соколова и Н.И. Иванова] |
|
| 210 | _d1955 | ||
| 215 |
_a767 с. _cил. _d23 |
||
| 461 | 0 |
_1001rc\4121906 _12001#$aСочинения$eВ 5 т.$f[Под ред. проф. П.А. Некрасова и Н.И. Иванова]. Т. 1-$vТ. 5 _1700#1$aМосолов$bВ.П.$f1888-1951$gВасилий Петрович |
|
| 606 |
_aАгротехника (т. 5) _2psbo |
||
| 606 |
_aРастениеводство (т. 5) _2psbo |
||
| 702 | 1 |
_aСоколов _bН. С. _4340 |
|
| 702 | 1 |
_aИванов _bИ. Н. _4340 |
|
| 702 | 1 |
_aЛепа _bП. М. _4220 |
|
| 801 | 0 |
_aRU _bNLR _gpsbo |
|
| 801 | 1 |
_aRU _bELAR _2rusmarc |
|
| 852 |
_aNLR _jС30 Г-5/116 |
||
| 942 | _cBOOK | ||
| 980 | _aNB | ||